• 首页
  • 本馆介绍
  • 公告通知
  • 最新文献
  • 馆藏检索
  • 电子资源
  • 读者导购
  • 参考咨询
  • 我的图书馆
  • 登录
  • 详细信息显示
  • 放入我的书架
  • 预约/预借图书
  • 作者相关作品
  • 分类相关作品
  • 丛书相关作品
  • 出版社相关作品

书目信息

  • 表格格式
  • 工作单格式
  • 卡片格式
题名:
中华文化元素
    
 
作者: 冯天瑜 , 姚伟钧 主编 ;关剑平 著
分册:   茶
出版信息: 吉林   长春出版社  2016.12
页数: 285页
开本: 24cm
丛书名:
单 册:
中图分类: K203 , TS971.21(2)
科图分类:
主题词: 中华文化 , 茶叶--文化--中国
电子资源:
ISBN: 978-7-5445-4681-2
000 01596nam0 2200337 450
001 0400001469
005 20171018141501.0
010    @a978-7-5445-4681-2@dCNY58.00
100    @a20170427d2016 em y0chiy50 ea
101 0  @achi
102    @aCN@b220000
105    @aa z 000yy
106    @ar
200 1  @a中华文化元素@9zhong hua wen hua yuan su@i茶@f冯天瑜,姚伟钧主编@g关剑平著
210    @a吉林@c长春出版社@d2016.12
215    @a285页@c图,彩照@d24cm
300    @a中央宣传部、国家新闻出版广电总局主题出版重点出版物
314    @a冯天瑜 (1942-),男,湖北红安人,武汉大学人文社会科学资深教授,教育部社会科学委员会历史学部委员。著有《中华文化史》、《“封建”考论》等。
314    @a姚伟钧 (1953-),男,湖北武汉人,华中师范大学历史文化学院教授、博士生导师,华中师范大学国家文化产业中心教授。
314    @a关剑平 (1962-),男,满族,日本立命馆大学文学博士,浙江农林大学茶文化学院副教授,茶文化学科负责人,生态文化研究生导师。专著有《茶与中国文化》《文化传播视野下的茶文化研究》。
330    @a本书以中国茶为考察对象,介绍茶文化精神与物质构成的文化内涵,以及体现着中华文化精英累积起来的生存智慧和生活艺术。通过蕴藏中华元素的文化事象、文化符号,彰显可亲可敬的中国风格,奉献给异域受众,增进国际传播,推动中国文化“走出去”。
517 1  @a茶@9cha
606 0  @a中华文化
606 0  @a茶叶@x文化@y中国
690    @aK203@v5
690    @aTS971.21(2)@v5
701  0 @a冯天瑜@9feng tian yu@f(1942-)@4主编
701  0 @a姚伟钧@9yao wei jun@f(1953-)@4主编
702  0 @c(满族)@a关剑平@9guan jian ping@f(1962-)@4著
801  0 @aCN@b91MARC@c20171018
905    @b1020974-8@dK203@f5@e272
    
    中华文化元素.茶/冯天瑜,姚伟钧主编/关剑平著.-吉林:长春出版社,2016.12
    285页:图,彩照;24cm
    中央宣传部、国家新闻出版广电总局主题出版重点出版物
    
    ISBN 978-7-5445-4681-2:CNY58.00
    本书以中国茶为考察对象,介绍茶文化精神与物质构成的文化内涵,以及体现着中华文化精英累积起来的生存智慧和生活艺术。通过蕴藏中华元素的文化事象、文化符号,彰显可亲可敬的中国风格,奉献给异域受众,增进国际传播,推动中国文化“走出去”。
●
相关链接 在E读中查询图书 在五车中查询图书 在当当中查询图书 在豆瓣中查询图书


正题名:中华文化元素     索取号:K203/272         预约/预借

序号 登录号 条形码 馆藏地/架位号 状态 备注
1 1020974   210209745   第二样本阅览室/ [索取号:K203/272] 在馆    
2 1020975   210209754   密集书库-生命科学系/ [索取号:K203/272] 在馆    
3 1020976   210209763   第二借阅区/ [索取号:K203/272] 在馆    
4 1020977   210209772   第二借阅区/ [索取号:K203/272] 在馆    
5 1020978   210209781   第二借阅区/ [索取号:K203/272] 在馆    
唐山师范学院图书馆 欢迎您!
大连网信软件有限公司© 版权所有